<?xml version='1.0' encoding='UTF-8'?><?xml-stylesheet href='static/style.xsl' type='text/xsl'?><OAI-PMH xmlns="http://www.openarchives.org/OAI/2.0/" xmlns:xsi="http://www.w3.org/2001/XMLSchema-instance" xsi:schemaLocation="http://www.openarchives.org/OAI/2.0/ http://www.openarchives.org/OAI/2.0/OAI-PMH.xsd"><responseDate>2026-05-01T10:27:02Z</responseDate><request verb="GetRecord" identifier="oai:ebiltegia.mondragon.edu:20.500.11984/4983" metadataPrefix="marc">https://ebiltegia.mondragon.edu/oai/request</request><GetRecord><record><header><identifier>oai:ebiltegia.mondragon.edu:20.500.11984/4983</identifier><datestamp>2024-01-04T21:57:03Z</datestamp><setSpec>com_20.500.11984_1736</setSpec><setSpec>com_20.500.11984_1627</setSpec><setSpec>col_20.500.11984_1972</setSpec></header><metadata><record xmlns="http://www.loc.gov/MARC21/slim" xmlns:dcterms="http://purl.org/dc/terms/" xmlns:xsi="http://www.w3.org/2001/XMLSchema-instance" xmlns:doc="http://www.lyncode.com/xoai" xsi:schemaLocation="http://www.loc.gov/MARC21/slim http://www.loc.gov/standards/marcxml/schema/MARC21slim.xsd">
   <leader>00925njm 22002777a 4500</leader>
   <datafield ind2=" " ind1=" " tag="042">
      <subfield code="a">dc</subfield>
   </datafield>
   <datafield ind2=" " ind1=" " tag="720">
      <subfield code="a">Mondragon Unibertsitatea</subfield>
      <subfield code="e">author</subfield>
   </datafield>
   <datafield ind2=" " ind1=" " tag="260">
      <subfield code="c">2017-06-02</subfield>
   </datafield>
   <datafield ind2=" " ind1=" " tag="520">
      <subfield code="a">Enaitz Ezpeletak " Edukietan Oinarritutako Analisi Paradigma Berriak RRSS-etako Spam-aren Detekzioan " izenarekin aurkeztutako doktorego-tesiak, ikasle-lan onenaren bigarren saria lortu du, Rey Juan Carlos Unibertsitateak eta Cibersegurtasuneko Nazio-Institutuak (INCIBE) antolatutako "Cibersegurtasuneko Ikerketako Nazio-Jardunaldien" bigarren edizioan.</subfield>
   </datafield>
   <datafield ind2=" " ind1=" " tag="520">
      <subfield code="a">La tesis Doctoral presentada por Enaitz Ezpeleta bajo el título "Nuevos Paradigmas de Análisis Basados en Contenidos para la Detección del Spam en RRSS" ha obtenido el segundo premio al mejor trabajo de estudiante en la segunda edición de las "Jornadas Nacionales de Investigación en Ciberseguridad", organizadas por la Universidad Rey Juan Carlos y el Instituto Nacional de Ciberseguridad (INCIBE).</subfield>
   </datafield>
   <datafield ind1="8" ind2=" " tag="024">
      <subfield code="a">https://hdl.handle.net/20.500.11984/4983</subfield>
   </datafield>
   <datafield tag="653" ind2=" " ind1=" ">
      <subfield code="a">Goi Eskola Politeknikoa</subfield>
   </datafield>
   <datafield tag="653" ind2=" " ind1=" ">
      <subfield code="a">Escuela Politécnica Superior</subfield>
   </datafield>
   <datafield ind2="0" ind1="0" tag="245">
      <subfield code="a">Enaitz Ezpeletaren doktorego-tesia, ikasle-lan onenaren bigarren sariarekin saritu dute "Cibersegurtasuneko Ikerketako Nazio-Jardunaldietan"</subfield>
   </datafield>
   <datafield ind2="0" ind1="0" tag="245">
      <subfield code="a">La tesis doctoral de Enaitz Ezpeleta galardonada con el segundo premio al mejor trabajo de estudiante en las "Jornadas Nacionales de Investigación en Ciberseguridad"</subfield>
   </datafield>
</record></metadata></record></GetRecord></OAI-PMH>